|
|
|
|
| LEADER |
00000cam a2200000 7i4500 |
| 001 |
0000047951 |
| 005 |
20150601.0 |
| 008 |
150601 |
| 020 |
|
|
|a 812220497X
|
| 020 |
|
|
|a 9788122204971
|
| 090 |
0 |
0 |
|a 796.09
|b JHA
|
| 100 |
1 |
|
|a Jha, Sanjay
|
| 245 |
1 |
0 |
|a 11 triumphs, trials & turbulence :
|b Indian cricket 2003-10
|c Sanjay Jha
|
| 260 |
|
|
|a New Delhi :
|b Orient Publishing ,
|c 2010
|
| 650 |
|
0 |
|a Cricket
|
| 999 |
|
|
|a 0001349416
|b Book
|c Adult Collection
|e Cawangan Segamat
|
| 999 |
|
|
|a 0001349418
|b Book
|c Adult Collection
|e Cawangan Tangkak
|
| 999 |
|
|
|a 0001349419
|b Book
|c Adult Collection
|e Cawangan Bandar Penawar
|
| 999 |
|
|
|a 0001349421
|b Book
|c Adult Collection
|e Cawangan Mersing
|
| 999 |
|
|
|a 0001349422
|b Book
|c Adult Collection
|e Cawangan Bandar Tenggara
|
| 999 |
|
|
|a 0001349423
|b Book
|c Adult Collection
|e Cawangan Pontian
|
| 999 |
|
|
|a 0001349424
|b Book
|c Adult Collection
|e Cawangan Batu Pahat
|
| 999 |
|
|
|a 0001349426
|b Book
|c Adult Collection
|e Cawangan Sri Merlong
|
| 999 |
|
|
|a 0001349427
|b Book
|c Adult Collection
|e Cawangan Tmn. Ungku Tun Aminah
|
| 999 |
|
|
|a 0001349428
|b Book
|c Adult Collection
|e Cawangan Taman Sri Lambak
|
| 999 |
|
|
|a 0001349467
|b Book
|c Adult Collection
|e Perbadanan Perpustakaan Awam Johor
|
| 999 |
|
|
|a 0001349468
|b Book
|c Adult Collection
|e Cawangan Urban Transformation Centre
|